Desarrollo de las redes de comunicaciones para el IoT en Colombia. / (Registro nro. 4817)
[ vista simple ]
| 000 -LEADER | |
|---|---|
| fixed length control field | 01828nam a2200217 4500 |
| 001 - CONTROL NUMBER | |
| control field | 0000000582 |
| 005 - DATE AND TIME OF LATEST TRANSACTION | |
| control field | 20250329165448.0 |
| 008 - FIXED-LENGTH DATA ELEMENTS--GENERAL INFORMATION | |
| fixed length control field | 170718s2020 000 0 eng d |
| 040 ## - CATALOGING SOURCE | |
| Original cataloging agency | CO-CtgCURN |
| Language of cataloging | spa |
| Transcribing agency | coctgcurn |
| 082 0# - DEWEY DECIMAL CLASSIFICATION NUMBER | |
| Classification number | INS 2020 |
| Item number | P661 |
| 100 1# - MAIN ENTRY--PERSONAL NAME | |
| Personal name | Pinzón B, Pedro L. |
| 245 10 - TITLE STATEMENT | |
| Title | Desarrollo de las redes de comunicaciones para el IoT en Colombia. / |
| Statement of responsibility, etc. | Pedro L. Pinzón B. |
| 260 ## - PUBLICATION, DISTRIBUTION, ETC. | |
| Place of publication, distribution, etc. | Cartagena de Indias : |
| Name of publisher, distributor, etc. | Corporación Universitaria Rafael Nuñez, |
| Date of publication, distribution, etc. | 2020. |
| 300 ## - PHYSICAL DESCRIPTION | |
| Extent | 15 hojas. |
| 504 ## - BIBLIOGRAPHY, ETC. NOTE | |
| Bibliography, etc. note | Trabajo de grado (Ingeniero de Sistemas). Corporación Universitaria Rafael Nuñez. Facultad de Ingenieria. Ingenieria de Sistemas, 2020. |
| 520 ## - SUMMARY, ETC. | |
| Summary, etc. | "Este documento contiene un análisis de los impactos de la implementación del Internet de las Cosas (IoT) en el sector eléctrico, identificando los principales componentes en temas de dispositivos, arquitectura y comunicación; así como los principales impactos y beneficios en el sector como lo son: información en tiempo real, nuevos modelos de negocio, visibilidad global y diversificación de los flujos de ingresos. El estudio describe los diferentes aspectos técnicos necesarios para la implantación del Internet de las cosas en Colombia, El estado actual de la infraestructura de las empresas líderes en el sector de las telecomunicaciones y el impacto económico que esta transición conlleva a nivel del hogar y de la industria" |
| 650 #0 - SUBJECT ADDED ENTRY--TOPICAL TERM | |
| Topical term or geographic name entry element | Ingenieria de sistemas |
| General subdivision | Tesis y disertaciones academicas. |
| 856 7# - ELECTRONIC LOCATION AND ACCESS | |
| Public note | Click aqui para ver el recurso en texto completo |
| Uniform Resource Identifier | <a href="https://unicurn.sharepoint.com/:b:/s/biblioteca/EXthIH84NS5AlikwxifaT8wBgodcfBr-uXIYEwlAkB_vKA?e=3yJjqR">https://unicurn.sharepoint.com/:b:/s/biblioteca/EXthIH84NS5AlikwxifaT8wBgodcfBr-uXIYEwlAkB_vKA?e=3yJjqR</a> |
| 942 ## - ADDED ENTRY ELEMENTS (KOHA) | |
| Classification part | INS 2020 |
| Item part | P661 |
| Source of classification or shelving scheme | Dewey Decimal Classification |
| Koha item type | Trabajos de grado |
| Withdrawn status | Lost status | Source of classification or shelving scheme | Damaged status | Not for loan | Collection | Home library | Current library | Shelving location | Date acquired | Source of acquisition | Cost, normal purchase price | Inventory number | Total checkouts | Full call number | Barcode | Date last seen | Copy number | Price effective from | Koha item type |
|---|---|---|---|---|---|---|---|---|---|---|---|---|---|---|---|---|---|---|---|
| Dewey Decimal Classification | Trabajos de grado | Miguel Henríquez Castañeda | Miguel Henríquez Castañeda | Trabajo de grado | 01/06/2019 | El autor | 35000.00 | 023293 | INS 2020 P661 | 023293 | 01/06/2019 | 1 | 01/06/2019 | Trabajos de grado |